Statystyki dla Tramwaje Warszawa- Linia 7 (przystanki)

Kliknij tutaj aby rozwiązać quiz!

Ogólne statystyki

  • Ten quiz został rozwiązany 77 razy
  • Średni wynik to 21 z 32

Statystyki odpowiedzi

Numer przystankuNazwa przystanku% Poprawnych
14.Centrum
86%
15.Dworzec Centralny
80%
1.Kawęczyńska-Bazylika
80%
2.Kawęczyńska-Bazylika
80%
13.Krucza
80%
32.P+R Aleja Krakowska
80%
9.Rondo Waszyngtona
80%
10.Rondo Waszyngtona
80%
11.Most Poniatowskiego
76%
6.Kijowska
75%
12.Muzeum Narodowe
73%
16.Plac Starynkiewicza
73%
5.Dworzec Wschodni (Kijowska)
68%
17.Plac Zawiszy
68%
18.Ochota-ratusz
66%
21.Och-Teatr
66%
22.Bitwy Warszawskiej 1920r
64%
28.Hynka
64%
19.Plac Narutowicza
64%
7.Aleja Zieleniecka
63%
27.Włochy-ratusz
61%
4.Zajezdnia Praga
61%
24.Dickensa
58%
26.PKP Rakowiec
56%
20.Wawelska
53%
23.Hale Banacha
51%
31.Instytut Lotnictwa
49%
3.Wojnicka
49%
25.Korotyńskiego
47%
29.Krakowiaków
42%
30.Lipowczana
39%
8.Ząbkowska
20%

Rozkład punktacji

Percentyl według liczby udzielonych odpowiedzi

Procent ludzi z każdym wynikiem

Twoja historia wyników

Nie rozwiązałeś tego quizu